000 01501nam0a22002771 4500
001 rc\4887738
005 20250613030756.0
021 _aRU
_b[66-29567]
035 _a(NLR Aleph) 008920371
090 _a8820282
_c8820282
100 _a20130426d1966 |||y0rusy50 ca
101 0 _arus
102 _aRU
105 _ay z |||||
200 1 _aЭкономическое стимулирование развития социалистического производства
_eСписок книг и журн. статей на рус. яз. за 1962 - янв. 1966 г.
_fСост. библиограф Е.Н. Князева
_gРед. библиограф Р.В. Шестакова
_gМ-во культуры СССР. Гос. ордена Ленина б-ка СССР им. В.И. Ленина. Отд. справочно-библиогр. работы и научн.-информ. библиографии
210 _aМосква
_cБ. и.
_d1966
215 _a48 с.
_d20
225 1 _aБиблиографические и методические материалы в помощь областным, краевым и республиканским библиотекам
606 _aЭкономическое стимулирование
_jБиблиография
_2psbo
702 1 _aКнязева
_bЕ.Н.
_4220
702 1 _aШестакова
_bР.В.
_4340
801 0 _aRU
_bNLR
_gpsbo
801 1 _aRU
_bELAR
_2rusmarc
852 _aNLR
_jС737-420/Э-40
942 _cBOOK
980 _aNB